1050 1427 1389 1009 1214 1007 1164 1135 1212 1765 1248 1661 1939 1286 1746 1028 1514 1112 1148 1811 1505 1929 1871 1603 1880 1341 1383 1702 1371 1026 1266 1914 1510 1684 1148 1022 1312 1323 1013 1264 1293 1021 1609 1999 1712 1097 1079 1759 1037 1248 1936 1840 1220 1430 1089 1127 1301 1059 1873 1890 1082 1562 1998 1750 1763 1220 1268 1946 1222 1722 1071 1694 2000 1281 1811 1457 1157 1053 1340 1189 1803 1801 1469 1559 1122 1002 1130 1566 1450 1001 1018 1153 1477 1331 1011 1920 1930 1884 1466 BCNSPRNW ULIB Ver.6.0+V

เปลี่ยนเป็นภาษาไทย

Change to English
 แสดงรายละเอียดบรรณานุกรม
  กลับหน้าหลัก

Brief Record : Get Marc (ISO 2709) : E-mail record : QR code < ปิดหน้าต่าง
LEADER : 00000nam 2200000uu 4500
001    13399120088
003     ULIB
008    120830sมปป.||||th 000 0 tha d
020    ^a9786167123370
090    ^aนว.^bภ121ส
100    ^aภคิน
245    ^aสูตรหวาน จานรัก/^cภคิน
260    ^aกรุงเทพฯ :^bกรีนมายด์,^cม.ป.ป.
300    ^a359 หน้า
945    ^p0^l0^i17070
995    ^aทศพร
999    ^aทศพร เกษรทอง
รายการนี้ยังไม่มีแท็ก
คุณยังไม่ได้ล็อกอิน คุณสามารถมีกิจกรรมร่วมกับเว็บไซต์ได้ แต่ต้องล็อกอินก่อน ::
  ล็อกอิน

รายการสื่อสารสนเทศ

ลำดับที่ ประเภท เลขเรียก/บาร์โค้ด สถานที่ สถานะ
1. นวนิยาย
นวนิยาย
นว. ภ121ส ฉ.1 
  Barcode: 17070
ห้องสมุดวิทยาเขตสวรรค์ประชารักษ์
►นวนิยาย
บนชั้น
  ขอยืม

รายการใกล้เคียง
    ผู้แต่ง [ภคิน]

BibComment


ยังไม่เคยถูกคอมเมนท์

คอมเมนท์ทรัพยากรรายการนี้
  คอมเมนท์: สูตรหวาน จานรัก ..


 Copyright 2026. Bcnsprnw @Library